[Event "13th EICC"]
[Site "Plovdiv BUL"]
[Date "2012.03.27"]
[Round "7.164"]
[White "Porfireanu, Serban"]
[Black "Bozinovic, Boban"]
[Result "1-0"]
[BlackTitle "CM"]
[WhiteElo "1892"]
[BlackElo "2105"]
[WhiteFideId "1208632"]
[BlackFideId "929697"]
[EventDate "2012.03.20"]
[EventType "swiss"]

1. Nf3 c5 2. c4 Nf6 3. g3 Nc6 4. Bg2 g6 5. O-O Bg7 6. d4 cxd4 7. Nxd4 O-O 8.
Nxc6 dxc6 9. Qc2 Be6 10. Nd2 Qa5 11. b4 Qa6 12. Rb1 Rac8 13. a4 Rfd8 14. Bb2
Rxd2 15. Qxd2 Bxc4 16. Rfc1 Be6 17. b5 Qxa4 18. bxc6 bxc6 19. Ra1 Qb5 20. Rxa7
Qb6 21. Bd4 c5 22. Rb7 Qd6 23. Be3 Nd5 24. Bg5 c4 25. e4 c3 26. Qd3 Nc7 27. Qxd6
exd6 28. Bf4 Ne8 29. Bf1 Nf6 30. f3 d5 31. Bd3 d4 32. g4 Nd7 33. Bd6 Be5 34.
Rxd7 Bxd7 35. Bxe5 Be6 36. Kf2 Bc4 37. Ke2 Kf8 38. Bxc4 Rxc4 39. Kd3 Ra4 40.
Bxd4 Ra2 41. Rc2 1-0

[Event "13th EICC"]
[Site "Plovdiv BUL"]
[Date "2012.03.27"]
[Round "7.165"]
[White "Levine, Yonatan"]
[Black "Blaushtain, Boris"]
[Result "1-0"]
[WhiteElo "2016"]
[BlackElo "2105"]
[WhiteFideId "2802082"]
[BlackFideId "2804638"]
[EventDate "2012.03.20"]
[EventType "swiss"]

1. e4 c6 2. d4 d5 3. exd5 cxd5 4. c4 Nf6 5. Nc3 Bf5 6. Qb3 Nc6 7. cxd5 Na5 8.
Qa4+ Bd7 9. Qd1 Rc8 10. Nf3 Nc4 11. Ne5 Nd6 12. Be2 g6 13. a4 a6 14. a5 Bg7 15.
O-O O-O 16. Bf3 Nb5 17. Re1 Be8 18. Qd3 Nxc3 19. bxc3 Nxd5 20. Bd2 Bxe5 21. Rxe5
Bb5 22. Qe4 Nxc3 23. Qe3 Na4 24. Rxe7 Rc7 25. Bb4 Re8 26. Rxe8+ Bxe8 27. Re1 Bb5
28. Be7 Qe8 29. h3 Qc8 30. d5 Bd7 31. Qh6 Rc4 32. d6 Nc5 33. Bg4 Re4 34. Rc1 Be6
35. Rxc5 1-0

[Event "13th EICC"]
[Site "Plovdiv BUL"]
[Date "2012.03.27"]
[Round "7.166"]
[White "Slavov, Hristo"]
[Black "Rigopoulos-Tsigkos, Alexandros"]
[Result "0-1"]
[WhiteElo "1812"]
[BlackElo "2095"]
[WhiteFideId "2911345"]
[BlackFideId "4215109"]
[EventDate "2012.03.20"]
[EventType "swiss"]

1. e4 c5 2. Nf3 e6 3. Bc4 a6 4. a4 b6 5. O-O Bb7 6. Re1 d6 7. Nc3 Nd7 8. d3 Ngf6
9. Bg5 Be7 10. Qe2 h6 11. Bh4 Qc7 12. Nd2 g5 13. Bg3 h5 14. f3 h4 15. Bf2 Nh5
16. d4 Nf4 17. Qf1 Rg8 18. Ne2 Ng6 19. d5 exd5 20. exd5 Nde5 21. Nc3 f5 22. Be3
Qd7 23. a5 f4 24. Bf2 g4 25. Kh1 g3 26. Bg1 h3 27. Re2 Nh4 28. hxg3 hxg2+ 29.
Rxg2 Nxg2 30. Kxg2 fxg3 31. f4 Ng6 32. Nce4 Nh4+ 0-1

[Event "13th EICC"]
[Site "Plovdiv BUL"]
[Date "2012.03.27"]
[Round "7.171"]
[White "Mihopoulos, Konstantinos"]
[Black "Katsarov, Hristo"]
[Result "1-0"]
[WhiteElo "1951"]
[BlackElo "1495"]
[WhiteFideId "4217110"]
[BlackFideId "2913003"]
[EventDate "2012.03.20"]
[EventType "swiss"]

1. c4 e5 2. g3 Nf6 3. Bg2 c6 4. d4 Bb4+ 5. Bd2 Qa5 6. dxe5 Bxd2+ 7. Qxd2 Qxe5 8.
Nc3 O-O 9. Nf3 Qc5 10. b3 b5 11. cxb5 cxb5 12. Qd4 Qh5 13. Qe5 Ba6 14. Nd5 Nc6 1-0

[Event "13th EICC"]
[Site "Plovdiv BUL"]
[Date "2012.03.28"]
[Round "8.5"]
[White "Akopian, Vladimir"]
[Black "Khismatullin, Denis"]
[Result "1-0"]
[WhiteTitle "GM"]
[BlackTitle "GM"]
[WhiteElo "2684"]
[BlackElo "2656"]
[WhiteFideId "13300032"]
[BlackFideId "4142578"]
[EventDate "2012.03.20"]
[EventType "swiss"]

1. e4 c5 2. Nf3 d6 3. d4 cxd4 4. Nxd4 Nf6 5. Nc3 a6 6. Be3 e5 7. Nb3 Be6 8. f3
Nbd7 9. g4 Nb6 10. g5 Nh5 11. Qd2 Be7 12. O-O-O O-O 13. Rg1 Rc8 14. Kb1 g6 15.
Qf2 Nc4 16. Bxc4 Rxc4 17. Nd5 Bxd5 18. Rxd5 b5 19. Qe2 Qd7 20. Nd2 Rc6 21. c4
Rb8 22. cxb5 Rxb5 23. Qd3 Rxd5 24. exd5 Rc7 25. Qxa6 Qf5+ 26. Ka1 Nf4 27. Ne4
Ng2 28. Qe2 Nh4 29. Rf1 Kg7 30. Qf2 Qh3 31. Kb1 Nf5 32. Bd2 Rb7 33. Rg1 Nd4 34.
Bc3 Qxf3 35. Qxf3 Nxf3 36. Rg3 Nh4 37. a4 h6 38. gxh6+ Kxh6 39. Bd2+ Kh5 40. Ra3
Nf5 41. a5 Nd4 42. a6 Ra7 43. b4 g5 44. Be3 f5 45. Nc3 Bd8 46. Bxd4 exd4 47. Nb5
Ra8 48. Nxd4 f4 49. Rh3+ Kg6 50. Rh8 g4 51. Kc2 g3 52. hxg3 fxg3 53. b5 Kf6 54.
Kd3 Ke5 55. Nc6+ Kf5 56. Nxd8 g2 57. Rg8 1-0

[Event "13th EICC"]
[Site "Plovdiv BUL"]
[Date "2012.03.28"]
[Round "8.19"]
[White "L'Ami, Erwin"]
[Black "Andreikin, Dmitry"]
[Result "0-1"]
[WhiteTitle "GM"]
[BlackTitle "GM"]
[WhiteElo "2611"]
[BlackElo "2689"]
[WhiteFideId "1007998"]
[BlackFideId "4158814"]
[EventDate "2012.03.20"]
[EventType "swiss"]

1. d4 g6 2. c4 Bg7 3. Nc3 d6 4. e4 Nc6 5. Be3 Nf6 6. f3 e5 7. d5 Nd4 8. Nge2
Nxe2 9. Bxe2 Nh5 10. Qd2 O-O 11. O-O-O a6 12. g3 Bd7 13. f4 exf4 14. gxf4 Nf6
15. e5 Ng4 16. Bxg4 Bxg4 17. Rde1 Re8 18. Bd4 c5 19. dxc6 bxc6 20. Ne4 dxe5 21.
fxe5 c5 22. Bc3 Qxd2+ 23. Kxd2 Bf3 24. Rhf1 Bxe4 25. Rxe4 f5 26. Re2 Kf7 27. Kc2
Ke6 28. Rd1 Bf8 29. Rd5 g5 30. Ba5 g4 31. a3 h5 32. b4 Rec8 33. Kd3 Rab8 34.
bxc5 Rxc5 35. Kd4 Rc6 36. Rc2 Bxa3 37. c5 Rb5 38. Be1 Bxc5+ 0-1

[Event "13th EICC"]
[Site "Plovdiv BUL"]
[Date "2012.03.28"]
[Round "8.20"]
[White "Stocek, Jiri"]
[Black "Berkes, Ferenc"]
[Result "1/2-1/2"]
[WhiteTitle "GM"]
[BlackTitle "GM"]
[WhiteElo "2606"]
[BlackElo "2682"]
[WhiteFideId "304760"]
[BlackFideId "718572"]
[EventDate "2012.03.20"]
[EventType "swiss"]

1. d4 d5 2. c4 e6 3. Nc3 Be7 4. Nf3 Nf6 5. Bg5 h6 6. Bxf6 Bxf6 7. e3 O-O 8. Rc1
c6 9. Bd3 Nd7 10. O-O dxc4 11. Bxc4 e5 12. h3 exd4 13. exd4 Nb6 14. Bb3 Bf5 15.
Re1 Re8 16. Rxe8+ Qxe8 17. Qd2 Qd7 18. Re1 a5 19. a3 Re8 20. Rxe8+ Qxe8 21. Qf4
Be6 22. Bxe6 Qxe6 23. Qc7 Qb3 24. Ne4 Nd5 25. Qc8+ Kh7 26. Qf5+ Kg8 27. Qc8+ Kh7
28. Qf5+ Kg8 29. Qc8+ Kh7 1/2-1/2

[Event "13th EICC"]
[Site "Plovdiv BUL"]
[Date "2012.03.28"]
[Round "8.22"]
[White "Gabrielian, Artur"]
[Black "Kobalia, Mikhail"]
[Result "0-1"]
[WhiteTitle "GM"]
[BlackTitle "GM"]
[WhiteElo "2554"]
[BlackElo "2666"]
[WhiteFideId "4131002"]
[BlackFideId "4119150"]
[EventDate "2012.03.20"]
[EventType "swiss"]

1. e4 e5 2. Nf3 Nc6 3. Bb5 a6 4. Ba4 Nf6 5. O-O b5 6. Bb3 Bc5 7. c3 d6 8. a4 Rb8
9. d4 Bb6 10. axb5 axb5 11. Na3 O-O 12. Nxb5 Bg4 13. Re1 Bxf3 14. gxf3 Nh5 15.
Be3 Qf6 16. Kh1 Nf4 17. Rg1 Nd8 18. Bxf4 Qxf4 19. Rg4 Qf6 20. f4 exd4 21. cxd4
Ne6 22. e5 dxe5 23. dxe5 Qh6 24. Qf3 c6 25. Nd6 Nd4 26. Qg3 Bc5 27. Nxf7 Rxf7
28. Bxf7+ Kxf7 29. Rg1 Nf5 30. Qc3 Be7 31. Qc4+ Kf8 32. e6 Qh3 33. Qe4 Rb5 34.
Qxc6 Qd3 35. Ra1 g6 36. Rgg1 Qd5+ 37. Qxd5 Rxd5 38. Rgd1 Rb5 39. Rab1 Rb4 40.
Rd7 Kg7 41. b3 Kf6 42. Ra7 Rxf4 43. Ra2 Bd6 44. b4 Rxb4 45. Rxb4 Bxb4 46. Ra4
Be7 47. h3 Kxe6 48. Kg2 Ke5 49. Ra5+ Kf6 50. Ra4 Ng7 51. Kf3 Ne6 52. Rc4 Bd6 53.
Ra4 Kf5 54. Ra5+ Be5 55. Ra7 Bc7 56. Rb7 h5 57. Ra7 Be5 58. Rf7+ Bf6 59. Ra7 Nf4
60. h4 Nd5 61. Ra5 Ke5 62. Ra6 Ne7 63. Ra5+ Ke6 64. Ke4 Bxh4 65. f4 Nf5 66. Ra6+
Nd6+ 67. Kf3 Be7 68. Ra8 Nf5 69. Ra6+ Bd6 70. Ra4 Ne7 71. Re4+ Kf6 72. Rd4 Nf5
73. Ra4 Nh4+ 74. Kf2 Bc5+ 75. Kg3 Nf5+ 76. Kf3 Bd6 77. Ra6 Ke6 78. Ra4 Kd5 79.
Ra5+ Bc5 80. Ra8 Nd4+ 81. Kg3 Ke6 82. Ra6+ Bd6 83. Kh4 Nf5+ 84. Kh3 Kf7 85. Ra4
Ne7 86. Kh4 Nd5 87. Rd4 Be7+ 88. Kg3 Ke6 89. Re4+ Kf6 90. Rd4 Nc7 91. Ra4 Ne6
92. Ra6 Bd8 93. Kf3 Kf5 94. Ra8 Bc7 95. Ra7 Bxf4 0-1

[Event "13th EICC"]
[Site "Plovdiv BUL"]
[Date "2012.03.28"]
[Round "8.24"]
[White "Efimenko, Zahar"]
[Black "Aleksandrov, Aleksej"]
[Result "1/2-1/2"]
[WhiteTitle "GM"]
[BlackTitle "GM"]
[WhiteElo "2695"]
[BlackElo "2604"]
[WhiteFideId "14107201"]
[BlackFideId "13500139"]
[EventDate "2012.03.20"]
[EventType "swiss"]

1. e4 e5 2. Nf3 Nc6 3. Bb5 Nf6 4. d3 d6 5. O-O Bd7 6. c4 g6 7. Nc3 Bg7 8. h3 O-O
9. Bg5 h6 10. Be3 Be6 11. Re1 Nd7 12. Rc1 Kh7 13. c5 Nd4 14. cxd6 cxd6 15. Bc4
a6 16. b4 Rc8 17. Bxd4 exd4 18. Nd5 Ne5 19. a4 Bxd5 20. Nxe5 Bxc4 21. Nxc4 d5
22. exd5 b5 23. axb5 axb5 24. Nd2 Qxd5 25. Ne4 Rxc1 26. Qxc1 Qb3 27. Qb1 Qxb1
28. Rxb1 f5 29. Nc5 Rc8 30. g4 Rc6 31. gxf5 gxf5 32. Kg2 Bf8 33. Nb3 Bg7 34. Nc5
Bf8 35. Nb3 Bg7 36. Nc5 Bf8 37. Nb3 Bg7 38. Nc5 1/2-1/2

[Event "13th EICC"]
[Site "Plovdiv BUL"]
[Date "2012.03.28"]
[Round "8.25"]
[White "Areshchenko, Alexander"]
[Black "Shimanov, Aleksandr"]
[Result "1-0"]
[WhiteTitle "GM"]
[BlackTitle "GM"]
[WhiteElo "2688"]
[BlackElo "2591"]
[WhiteFideId "14109530"]
[BlackFideId "4198603"]
[EventDate "2012.03.20"]
[EventType "swiss"]

1. e4 c6 2. d4 d5 3. e5 Bf5 4. Nd2 e6 5. Nb3 Nd7 6. Nf3 Bg6 7. Be2 Ne7 8. O-O
Nf5 9. a4 Be7 10. a5 O-O 11. g4 Nh4 12. Nxh4 Bxh4 13. f4 f5 14. g5 h6 15. gxh6
gxh6 16. Rf3 Rf7 17. Rh3 Rh7 18. Be3 Kh8 19. Kh1 Be7 20. a6 b5 21. Na5 Qb6 22.
Nb7 Rg8 23. Qe1 h5 24. Bf2 h4 25. c3 Kg7 26. Bxh4 Rgh8 27. Bf6+ Nxf6 28. exf6+
Kxf6 29. Rxh7 Rxh7 30. Qg3 Rh8 31. Rg1 Rg8 32. Bh5 1-0

[Event "13th EICC"]
[Site "Plovdiv BUL"]
[Date "2012.03.28"]
[Round "8.30"]
[White "Lysyj, Igor"]
[Black "Grigoriants, Sergey"]
[Result "1/2-1/2"]
[WhiteTitle "GM"]
[BlackTitle "GM"]
[WhiteElo "2656"]
[BlackElo "2561"]
[WhiteFideId "4150120"]
[BlackFideId "4130804"]
[EventDate "2012.03.20"]
[EventType "swiss"]

1. d4 Nf6 2. c4 g6 3. Nc3 d5 4. Nf3 Bg7 5. Bf4 O-O 6. Rc1 c6 7. e3 Be6 8. Ng5
Bf5 9. h3 Qb6 10. Qb3 h6 11. Nf3 Nbd7 12. g4 Be6 13. c5 Qxb3 14. axb3 Ne4 15.
Nd2 Nxd2 16. Kxd2 f5 17. g5 h5 18. Bd3 Bf7 19. Ne2 Rfe8 20. b4 a6 21. h4 e5 22.
Bg3 f4 23. exf4 e4 24. Bc2 Be6 25. f3 exf3 26. Ng1 Bg4 27. Rf1 Bxd4 28. Nxf3
Be3+ 29. Kc3 a5 30. bxa5 Rxa5 31. Bxg6 Re6 32. f5 Rxg6 33. fxg6 Nxc5 34. Be1 Ra4
35. b4 Ne4+ 36. Kb3 Ra8 37. Bc3 c5 38. bxc5 Nxc5+ 39. Kb2 Na4+ 40. Kb3 Nc5+ 41.
Kb2 Na4+ 1/2-1/2

[Event "13th EICC"]
[Site "Plovdiv BUL"]
[Date "2012.03.28"]
[Round "8.32"]
[White "Timofeev, Artyom"]
[Black "Grandelius, Nils"]
[Result "1-0"]
[WhiteTitle "GM"]
[BlackTitle "GM"]
[WhiteElo "2650"]
[BlackElo "2545"]
[WhiteFideId "4140419"]
[BlackFideId "1710400"]
[EventDate "2012.03.20"]
[EventType "swiss"]

1. d4 Nf6 2. c4 e6 3. Nc3 Bb4 4. e3 O-O 5. Bd3 c5 6. Nf3 d5 7. O-O Nc6 8. a3
Bxc3 9. bxc3 dxc4 10. Bxc4 Qc7 11. Bb2 e5 12. h3 Bf5 13. Bb5 e4 14. Nd2 Rfd8 15.
a4 Na5 16. Ba3 Nd5 17. Qc1 b6 18. Be2 cxd4 19. cxd4 Nc3 20. Re1 Nxe2+ 21. Rxe2
Rac8 22. Re1 Qd7 23. Qd1 Nc4 24. Nf1 Be6 25. Ng3 Bd5 26. Qh5 Re8 27. Rec1 f6 28.
Rc3 g6 29. Qh4 Kg7 30. Kh2 Nd2 31. Bb4 Rxc3 32. Bxc3 Nb3 33. Rf1 Qc6 34. Bb2 Re6
35. Qg4 Qc2 36. Nh5+ Kf7 37. Nf4 Qxb2 38. Nxd5 Nd2 39. Rd1 Qc2 40. Nf4 Re7 41.
Qe2 g5 42. Rxd2 Qc7 43. Rc2 Qd6 44. Qh5+ Kg7 45. Qg4 Kh6 46. Rc8 1-0

[Event "13th EICC"]
[Site "Plovdiv BUL"]
[Date "2012.03.28"]
[Round "8.34"]
[White "Saric, Ivan"]
[Black "Rogozenco, Dorian"]
[Result "1-0"]
[WhiteTitle "GM"]
[BlackTitle "GM"]
[WhiteElo "2649"]
[BlackElo "2536"]
[WhiteFideId "14508150"]
[BlackFideId "1210319"]
[EventDate "2012.03.20"]
[EventType "swiss"]

1. e4 c5 2. Nf3 d6 3. d4 cxd4 4. Nxd4 Nf6 5. Nc3 g6 6. Be3 Bg7 7. f3 Nc6 8. Qd2
O-O 9. O-O-O d5 10. exd5 Nxd5 11. Nxc6 bxc6 12. Bd4 Bxd4 13. Qxd4 Qb6 14. Na4
Qc7 15. h4 Rb8 16. a3 h5 17. Bc4 e5 18. Qc5 Qd7 19. Rhe1 Qf5 20. Re4 Be6 21. Qd6
Rfd8 22. Qxe5 Qxe5 23. Rxe5 Nf4 24. Rxd8+ Rxd8 25. Bxe6 Nxe6 26. Nc5 Nf4 27. g3
Nd5 28. c4 Nb6 29. b3 Kf8 30. Kc2 Nc8 31. Ne4 Ne7 32. g4 hxg4 33. fxg4 Rd4 34.
Kc3 Rd1 35. Nf6 Rh1 36. Ra5 Rxh4 37. Rxa7 c5 38. Nd7+ Kg7 39. Nxc5 Nc6 40. Rc7
Rh3+ 41. Kd2 Rh2+ 42. Ke3 Na5 43. Kd4 Rh4 44. Kc3 1-0

[Event "13th EICC"]
[Site "Plovdiv BUL"]
[Date "2012.03.28"]
[Round "8.37"]
[White "Yilmaz, Mustafa"]
[Black "Vuckovic, Bojan"]
[Result "0-1"]
[WhiteTitle "IM"]
[BlackTitle "GM"]
[WhiteElo "2530"]
[BlackElo "2628"]
[WhiteFideId "6302718"]
[BlackFideId "922277"]
[EventDate "2012.03.20"]
[EventType "swiss"]

1. d4 Nf6 2. Nf3 g6 3. c4 Bg7 4. Nc3 d5 5. Bg5 Ne4 6. Bh4 Nxc3 7. bxc3 dxc4 8.
Qa4+ c6 9. Qxc4 Qa5 10. e4 Na6 11. Nd2 O-O 12. Be2 e5 13. Nb3 Qb6 14. Rd1 exd4
15. cxd4 Re8 16. e5 Be6 17. Qc3 Nb4 18. Nc5 Nxa2 19. Qd2 Qb4 20. Bf3 Bc4 21.
Qxb4 Nxb4 22. Kd2 b6 23. Nd7 Bd5 24. Rb1 Bxf3 25. Rxb4 Bxg2 26. Ra1 c5 27. Rba4
Bc6 28. Rxa7 Rxa7 29. Rxa7 Bxd7 30. Rxd7 cxd4 31. f4 Bh6 32. Rxd4 Rxe5 33. Kd3
Re6 34. Bf2 Bf8 35. Rc4 Kg7 36. Bd4+ Kh6 37. Rc7 f5 38. Rb7 Bc5 39. Be5 Re7 40.
Rb8 Kh5 41. Rd8 Kg4 42. Ke2 Ra7 0-1

[Event "13th EICC"]
[Site "Plovdiv BUL"]
[Date "2012.03.28"]
[Round "8.38"]
[White "Volkov, Sergey"]
[Black "Rasulov, Vugar"]
[Result "1-0"]
[WhiteTitle "GM"]
[BlackTitle "GM"]
[WhiteElo "2623"]
[BlackElo "2526"]
[WhiteFideId "4122763"]
[BlackFideId "13402390"]
[EventDate "2012.03.20"]
[EventType "swiss"]

1. d4 Nf6 2. Nf3 c5 3. d5 b5 4. Bg5 Ne4 5. Bf4 Bb7 6. a4 Nf6 7. e4 Nxe4 8. axb5
d6 9. Bc4 g6 10. O-O Bg7 11. Re1 Nf6 12. Qe2 O-O 13. Qxe7 Bxd5 14. Qxd8 Rxd8 15.
Nbd2 h6 16. c3 Bf8 17. Bg3 Nbd7 18. Bxd5 Nxd5 19. Nc4 N7b6 20. Nfd2 f5 21. f3
Kf7 22. Red1 g5 23. Ra6 Be7 24. Rda1 Nc8 25. Rc6 Rb8 26. Rxc5 Ncb6 27. Rc6 Ke6
28. Rxa7 Nxc4 29. Nxc4 Rxb5 30. Bxd6 Bxd6 31. Raa6 Ke7 32. Nxd6 Rxb2 33. Nxf5+
Kf8 34. Rxh6 Rb1+ 35. Kf2 Rb2+ 36. Kg3 Nf4 37. Rh8+ Kf7 38. Rh7+ Ke8 39. Re7+ 1-0

[Event "13th EICC"]
[Site "Plovdiv BUL"]
[Date "2012.03.28"]
[Round "8.39"]
[White "Mastrovasilis, Athanasios"]
[Black "Salgado Lopez, Ivan"]
[Result "1-0"]
[WhiteTitle "GM"]
[BlackTitle "GM"]
[WhiteElo "2510"]
[BlackElo "2621"]
[WhiteFideId "4201990"]
[BlackFideId "2257327"]
[EventDate "2012.03.20"]
[EventType "swiss"]

1. d4 Nf6 2. c4 e6 3. Nc3 Bb4 4. e3 b6 5. Bd3 Bb7 6. Nf3 O-O 7. O-O d5 8. cxd5
exd5 9. Ne5 Bd6 10. f4 c5 11. Qf3 Nc6 12. Qh3 Ne7 13. Nd7 Ng6 14. Nxf8 Nxf8 15.
Bd2 Qe7 16. Rae1 a6 17. dxc5 bxc5 18. Ne2 Ne4 19. Bxe4 Qxe4 20. Bc3 Qd3 21. Ng3
Ne6 22. f5 Ng5 23. Qg4 f6 24. Nh5 Qe4 25. Rf4 Qe7 26. h4 Bxf4 27. exf4 Ne4 28.
Rxe4 dxe4 29. Nxf6+ Kf8 30. Nxh7+ Ke8 31. f6 Qd7 32. Qh5+ Qf7 33. Qe5+ Kd7 34.
fxg7 e3 35. Nf6+ Kc6 36. b4 cxb4 37. Qe4+ Kb6 38. Qxb4+ Kc6 39. Qa4+ 1-0

[Event "13th EICC"]
[Site "Plovdiv BUL"]
[Date "2012.03.28"]
[Round "8.40"]
[White "Parligras, Mircea-Emilian"]
[Black "Simacek, Pavel"]
[Result "1/2-1/2"]
[WhiteTitle "GM"]
[BlackTitle "IM"]
[WhiteElo "2614"]
[BlackElo "2447"]
[WhiteFideId "1204297"]
[BlackFideId "307165"]
[EventDate "2012.03.20"]
[EventType "swiss"]

1. d4 Nf6 2. c4 c5 3. d5 e6 4. Nc3 exd5 5. cxd5 d6 6. e4 g6 7. h3 Bg7 8. Nf3 O-O
9. Bd3 b5 10. Nxb5 Re8 11. O-O Nxe4 12. Re1 a6 13. Nc3 Nxc3 14. bxc3 Rxe1+ 15.
Qxe1 Nd7 16. Bf4 Nf6 17. c4 Nh5 18. Bg5 Bf6 19. Qe3 Bxg5 20. Nxg5 Qf6 21. Rb1
Bd7 22. Ne4 Qe5 23. Qh6 Nf6 24. Nxf6+ Qxf6 25. Rb7 Ba4 26. g3 Re8 27. Qf4 Re1+
28. Kg2 Qxf4 29. gxf4 Rd1 30. Bf1 Bc2 31. Rb6 Be4+ 32. f3 Bf5 33. Rxd6 Bxh3+ 34.
Kxh3 Rxf1 35. Rc6 Rxf3+ 36. Kg4 Rd3 37. Rxc5 Kg7 38. Rc6 h5+ 39. Kh4 a5 40. a4
Kh6 41. Rc5 Rf3 42. Rc6 Rd3 43. Rc7 Kg7 44. Rc5 Rc3 45. d6 Rd3 46. Rc6 Kh6 47.
c5 f6 48. d7 Rxd7 49. Rxf6 Rd4 50. Kg3 Kg7 51. Ra6 Rxa4 52. c6 Rc4 53. Ra7+ Kh6
54. c7 a4 55. Rxa4 Rxc7 56. Ra3 Rc1 57. Ra8 Rc3+ 58. Kg2 Kg7 59. Rb8 Kf6 60.
Rf8+ Ke6 61. f5+ gxf5 62. Rh8 Ke5 63. Rxh5 Ke4 64. Rh8 Rc2+ 65. Kf1 f4 66. Rh3 1/2-1/2

[Event "13th EICC"]
[Site "Plovdiv BUL"]
[Date "2012.03.28"]
[Round "8.41"]
[White "Sjugirov, Sanan"]
[Black "Gabuzyan, Hovhannes"]
[Result "1-0"]
[WhiteTitle "GM"]
[BlackTitle "FM"]
[WhiteElo "2610"]
[BlackElo "2441"]
[WhiteFideId "4189302"]
[BlackFideId "13303732"]
[EventDate "2012.03.20"]
[EventType "swiss"]

1. d4 d5 2. c4 c6 3. Nc3 Nf6 4. e3 a6 5. Qc2 b5 6. b3 g6 7. Bd3 Bg7 8. Nf3 O-O
9. O-O Be6 10. Ba3 bxc4 11. bxc4 dxc4 12. Be2 Nbd7 13. Ng5 Bg4 14. Bxg4 Nxg4 15.
Na4 Qc7 16. Nf3 Rfe8 17. h3 Ngf6 18. Qxc4 e5 19. Ng5 Nd5 20. e4 N7b6 21. Qb3
Nxa4 22. exd5 h6 23. d6 Qa7 24. Nf3 e4 25. Ne5 Bxe5 26. dxe5 Nc5 27. Qc4 Nd3 28.
Qxe4 Nxe5 29. Bb2 Nd7 30. Qxc6 Rac8 31. Qa4 Qb6 32. Rab1 Qxd6 33. Rfd1 Qc6 34.
Qd4 f6 35. Rbc1 Qb7 36. Rxc8 Qxc8 37. Qxd7 Re1+ 38. Kh2 Qb8+ 39. Qd6 1-0

[Event "13th EICC"]
[Site "Plovdiv BUL"]
[Date "2012.03.28"]
[Round "8.42"]
[White "Sebenik, Matej"]
[Black "Macieja, Bartlomiej"]
[Result "1/2-1/2"]
[WhiteTitle "IM"]
[BlackTitle "GM"]
[WhiteElo "2529"]
[BlackElo "2605"]
[WhiteFideId "14602296"]
[BlackFideId "1104306"]
[EventDate "2012.03.20"]
[EventType "swiss"]

1. Nf3 c5 2. c4 Nf6 3. Nc3 Nc6 4. g3 g6 5. Bg2 Bg7 6. d4 cxd4 7. Nxd4 O-O 8. O-O
Nxd4 9. Qxd4 d6 10. Qd3 a6 11. Be3 Bf5 12. Qd2 Qd7 13. Rfd1 Bh3 14. Bh1 Rac8 15.
c5 Ng4 16. cxd6 Nxe3 17. Qxe3 exd6 18. Qb6 Bxc3 19. bxc3 Rxc3 20. Qxb7 Qxb7 21.
Bxb7 a5 22. Rac1 Rc5 23. f3 Be6 24. a3 Rb8 25. Rxc5 dxc5 26. Bd5 Bxd5 27. Rxd5
Rb3 28. Rxc5 Rxa3 29. g4 a4 30. Ra5 Ra1+ 31. Kf2 a3 32. h4 a2 33. h5 gxh5 34.
gxh5 Kg7 35. Ra6 h6 36. Ke3 Rh1 37. Rxa2 Rxh5 38. Ra6 Rh2 39. f4 f5 40. Kf3 Rh3+ 1/2-1/2

[Event "13th EICC"]
[Site "Plovdiv BUL"]
[Date "2012.03.28"]
[Round "8.48"]
[White "Bartel, Mateusz"]
[Black "Szabo, Gergely-Andras-Gyula"]
[Result "1-0"]
[WhiteTitle "GM"]
[BlackTitle "GM"]
[WhiteElo "2665"]
[BlackElo "2553"]
[WhiteFideId "1112635"]
[BlackFideId "1205064"]
[EventDate "2012.03.20"]
[EventType "swiss"]

1. d4 Nf6 2. c4 e6 3. Nf3 c5 4. d5 b5 5. dxe6 fxe6 6. cxb5 d5 7. e3 Bd6 8. Nbd2
Nbd7 9. b3 O-O 10. Bb2 Bb7 11. Be2 Qe8 12. O-O Rd8 13. Nc4 Bc7 14. Nce5 Qh5 15.
Nc6 d4 16. exd4 cxd4 17. h3 Bxc6 18. bxc6 Ne5 19. Qe1 d3 20. Bxe5 Bxe5 21. Bxd3
Bxa1 22. Bc4 Nd5 23. Qxe6+ Kh8 24. Rxa1 Nf4 25. Qg4 Qc5 26. Qg5 Qxc6 27. Ne5 Qc7
28. Re1 h6 29. Qg3 Rd6 30. Re4 Rdf6 31. Qe3 g5 32. Qd4 Qg7 33. Nd7 Nxg2 34. Nxf6
Nh4 35. Qc3 Qxf6 36. Qxf6+ Rxf6 37. Re8+ Kg7 38. Re7+ Kf8 39. Rxa7 Rf3 40. a4
Rxh3 41. Rf7+ Ke8 42. a5 Nf3+ 43. Kg2 g4 44. a6 1-0

[Event "13th EICC"]
[Site "Plovdiv BUL"]
[Date "2012.03.28"]
[Round "8.48"]
[White "Postny, Evgeny"]
[Black "Papp, Gabor1"]
[Result "1/2-1/2"]
[WhiteTitle "GM"]
[BlackTitle "GM"]
[WhiteElo "2662"]
[BlackElo "2551"]
[WhiteFideId "2804344"]
[BlackFideId "718602"]
[EventDate "2012.03.20"]
[EventType "swiss"]

1. d4 Nf6 2. c4 e6 3. g3 d5 4. Bg2 Bb4+ 5. Bd2 Be7 6. Nf3 c6 7. Bf4 Nbd7 8. O-O
dxc4 9. Ne5 Nxe5 10. Bxe5 O-O 11. Nd2 Ng4 12. Nxc4 Nxe5 13. Nxe5 Qb6 14. Nc4 Qa6
15. Qc2 Rd8 16. Rfd1 Bd7 17. Rab1 c5 18. dxc5 Bxc5 19. Ne5 Rdc8 20. Qe4 Be8 21.
b4 Bb6 22. Nd7 Qxa2 23. Ra1 Qb2 24. Rab1 Qa2 25. Ra1 Qb2 26. Nxb6 axb6 27. Rxa8
Rxa8 28. Qxb7 Ra1 29. Rxa1 Qxa1+ 30. Bf1 Qd4 31. Qb8 Kf8 32. Qf4 Qxf4 33. gxf4
Ke7 34. e3 Kd6 35. Bc4 Bc6 36. Kf1 Bf3 37. Ke1 h6 38. Kd2 g5 39. Kd3 gxf4 40.
exf4 Bd5 41. Bb5 1/2-1/2

[Event "13th EICC"]
[Site "Plovdiv BUL"]
[Date "2012.03.28"]
[Round "8.51"]
[White "Prohaszka, Peter2"]
[Black "Iordachescu, Viorel"]
[Result "1-0"]
[WhiteTitle "GM"]
[BlackTitle "GM"]
[WhiteElo "2553"]
[BlackElo "2644"]
[WhiteFideId "726265"]
[BlackFideId "13900200"]
[EventDate "2012.03.20"]
[EventType "swiss"]

1. d4 Nf6 2. c4 e6 3. Nf3 b6 4. g3 Ba6 5. Qa4 Bb7 6. Bg2 c5 7. dxc5 Bxc5 8. O-O
O-O 9. Nc3 Be7 10. Rd1 d6 11. Bf4 a6 12. Qa3 Ne8 13. b4 Nd7 14. Rac1 a5 15. b5
Rc8 16. Qb3 Qc7 17. Na4 Nef6 18. Qa3 Nc5 19. Nxc5 bxc5 20. Nd2 Bxg2 21. Kxg2 Nh5
22. Qf3 Nxf4+ 23. Qxf4 a4 24. Ne4 Rfd8 25. Rd3 f5 26. Nc3 Qa5 27. e4 Qa8 28. Re1
Bf6 29. Qf3 fxe4 30. Qxe4 d5 31. Qxe6+ Kh8 32. Qa6 dxc4+ 33. Qxa8 cxd3 34. Qxa4
Bxc3 35. Rd1 c4 36. b6 Be5 37. b7 Rc5 38. Qb4 Bd6 39. Qb6 1-0